Las Mujeres en la política: estrategias institucionales y sus lógicas /
Como resultado de los procesos de democratización y de la ampliación de la participación de las mujeres en la sociedad civil y los partidos políticos a partir de los años ochenta, en América Latina, se han implementado diferentes medidas institucionales tendientes a diseñar sistemas democráticos más...
שמור ב:
| מחבר ראשי: | |
|---|---|
| מחברים אחרים: | |
| פורמט: | Texto |
| נושאים: | |
| תגים: |
הוספת תג
אין תגיות, היה/י הראשונ/ה לתייג את הרשומה!
|
MARC
| LEADER | 00000 a a2200000 04500 | ||
|---|---|---|---|
| 001 | 18760 | ||
| 003 | |||
| 040 | |||
| 100 | |a Archenti, Nélida | ||
| 245 | |a Las Mujeres en la política: estrategias institucionales y sus lógicas / |c Nélida Archenti | ||
| 520 | |a Como resultado de los procesos de democratización y de la ampliación de la participación de las mujeres en la sociedad civil y los partidos políticos a partir de los años ochenta, en América Latina, se han implementado diferentes medidas institucionales tendientes a diseñar sistemas democráticos más equitativos en términos de género. El presente trabajo se orienta al análisis de estas medidas, que se construyen sobre lógicas diferenciantes, proponen objetivos diversos y se implementan en distintos poderes de la estructura estatal (ejecutivo, legislativo, judicial) | ||
| 650 | |a POLITICA GUBERNAMENTAL | ||
| 650 | |a IGUALDAD DE GENERO | ||
| 650 | |a PARTICIPACION POLITICA | ||
| 650 | |a ELABORACION DE POLITICAS | ||
| 700 | |a Moreno, Aluminé | ||
| 773 | |g volumen 6, número 15; páginas 32-49 | ||
| 999 | |c 21115 |d 21115 | ||
